| 000 | 00532nmm a2200169Ia 4500 | ||
|---|---|---|---|
| 008 | 251105s9999||||xx |||||||||||||||||und|| | ||
| 020 | _a9788481692464 | ||
| 041 | _aspa | ||
| 100 | _aPikaza Ibarrondo, Xabier | ||
| 245 | 0 |
_aApocalipsis : _b Guías de Lectura del Nuevo Testamento |
|
| 264 |
_a[Madrid, España] : _bEditorial Verbo Divino, _c1999 |
||
| 300 | _a320 páginas | ||
| 490 | _aGuías de lectura del Nuevo Testamento | ||
| 650 | _aReligion(s) | ||
| 856 | _uhttps://public.digitaliapublishing.com/a/20620 | ||
| 942 | _cCF | ||
| 999 |
_c85864 _d85864 |
||